• 首页
  • 本馆介绍
  • 公告通知
  • 最新文献
  • 馆藏检索
  • 电子资源
  • 读者导购
  • 参考咨询
  • 我的图书馆
  • 登录
  • 详细信息显示
  • 放入我的书架
  • 预约/预借图书
  • 作者相关作品
  • 分类相关作品
  • 丛书相关作品
  • 出版社相关作品

书目信息

  • 表格格式
  • 工作单格式
  • 卡片格式
题名:
铅球与铁饼
    
 
作者: 武利华 主编
分册:  
出版信息: 天津   天津人民美术出版社  2016
页数: 174页
开本: 23cm
丛书名: 图说全民健身体育运动丛书
单 册:
中图分类: G824.1-64 , G824.2-64
科图分类:
主题词: 铅球投掷--Qian Qiu Tou Zhi--图解 , 铁饼投掷--Tie Bing Tou Zhi--图解
电子资源:
ISBN: 978-7-5305-7756-1
000 01104nam 2200289 45
001 012001003815
005 20140114135621.0
010    @a978-7-5305-7756-1@dCNY36.80
099    @aCAL 012017173343
100    @a20171206d2017 em y0chiy50 ea
101 0  @achi
102    @aCN@b120000
105    @aa z 000yy
106    @ar
200 1  @a铅球与铁饼@AQian Qiu Yu Tie Bing@f武利华主编
210    @a天津@c天津人民美术出版社@d2016
215    @a174页@c彩图@d23cm
225 2  @a图说全民健身体育运动丛书@ATu Shuo Quan Min Jian Shen Ti Yu Yun Dong Cong Shu
330    @a本书遵循体育课程建设的客观规律, 将体育文化、健康理念纳入其中, 深入浅出地为读者介绍了铅球与铁饼运动的起源与发展开始, 对铅球与铁饼运动的场地设施、竞赛规则、战术技术、裁判标准、赛事组织及体坛明星等内容都做了简洁而全面的介绍。
410  0 @12001 @a图说全民健身体育运动丛书
606 0  @a铅球投掷@AQian Qiu Tou Zhi@j图解
606 0  @a铁饼投掷@ATie Bing Tou Zhi@j图解
690    @aG824.1-64@v5
690    @aG824.2-64@v5
701  0 @a武利华@AWu Li Hua@4主编
801    @b江苏凤凰@c20191020
905    @b1237118-23@dG824.1-64@e172@f6
    
    铅球与铁饼/武利华主编.-天津:天津人民美术出版社,2016
    174页:彩图;23cm.-(图说全民健身体育运动丛书)
    
    
    ISBN 978-7-5305-7756-1:CNY36.80
    本书遵循体育课程建设的客观规律, 将体育文化、健康理念纳入其中, 深入浅出地为读者介绍了铅球与铁饼运动的起源与发展开始, 对铅球与铁饼运动的场地设施、竞赛规则、战术技术、裁判标准、赛事组织及体坛明星等内容都做了简洁而全面的介绍。
●
相关链接 在E读中查询图书 在五车中查询图书 在当当中查询图书 在豆瓣中查询图书


正题名:铅球与铁饼     索取号:G824.1-64/172         预约/预借

序号 登录号 条形码 馆藏地/架位号 状态 备注
1 1237118   212371182   第一样本阅览室/ [索取号:G824.1-64/172] 在馆    
2 1237119   212371191   教育系资料室/ [索取号:G824.1-64/172] 在馆    
3 1237120   212371208   教育系资料室/ [索取号:G824.1-64/172] 在馆    
4 1237121   212371217   第四借阅区/ [索取号:G824.1-64/172] 在馆    
5 1237122   212371226   第四借阅区/ [索取号:G824.1-64/172] 在馆    
6 1237123   212371235   第四借阅区/ [索取号:G824.1-64/172] 在馆    
唐山师范学院图书馆 欢迎您!
大连网信软件有限公司© 版权所有